00724nam a2200193 a 450000100060000000300090000600800410001502000150005604000280007108200180009910000190011724501150013626000310025130000110028250501270029365000270042065000290044765000540047618985CO-ViMGA141112s2004 ck r 000 u spa d a8428322031 aCO-ViMGAbspacCO-ViMGA04a658.456 W177o1 aWatt, Cristina10aOrganización de Reuniones; Congresos, Jornadas, Seminarios, Cursos, Grupos de trabajo, Talleres, Charlas ... aMadrid : bParaninfo; 1995 a126 p. aModalidades de reunión Organización de medios Organización Tecnica Organización interna Organización Económica14aEVENTOS - ORGANIZACION14aREUNIONES - ORGANIZACION14aREUNIONES DE TRABAJO - ORGANIZACION - METODOLOGIA